Poznań - Linia Tramwajowa nr1 - Statystyki

Ogólne statystyki
  • Ten quiz został rozwiązany 23 razy
    14 od ostatniego zresetowania
  • Średni wynik to 22 z 32
Statystyki odpowiedzi
Uwagi Przystanek % Poprawnych
Pętla Junikowo
100%
Tylko w stronę pętli Junikowo Junikowo
100%
Bułgarska Enea Stadion
91%
Pętla Franowo
91%
Cmentarna
82%
Szwajcarska
82%
Szwedzka
82%
Arena
73%
Budziszyńska
73%
Głogowska/Hetmańska
73%
Hetmańska Wiadukt
73%
Piaśnicka/Kurlandzka
73%
Piaśnicka Rynek
73%
Rondo Nowaka-Jeziorańskiego
73%
Węgorka
73%
Żegrze I
73%
Żegrze II
73%
Żegrze III
73%
Drzewieckiego
64%
Rolna
64%
Rondo Skubiszewskiego
64%
Rondo Starołęka
64%
Rondo Starołęka
64%
Rondo Żegrze
64%
Rondo Żegrze
64%
Arciszewskiego
55%
Grochowska
55%
Grotkowska
55%
Kolejowa
55%
Os. Czecha
55%
Traugutta
55%
Ostroroga
45%
Nie znaleziono quizów pasujących do podanych kryteriów
Rozkład punktacji
Procent ludzi z każdym wynikiem
Percentyl według liczby udzielonych odpowiedzi
Twoja historia wyników
Nie rozwiązałeś tego quizu od ostatniego zresetowania